LEADER 02167nam 2200577Ia 450 001 9910702122103321 005 20121026085137.0 035 $a(CKB)5470000002424920 035 $a(OCoLC)814446445 035 $a(EXLCZ)995470000002424920 100 $a20121026d2012 ua 0 101 0 $aeng 135 $aurcn||||||||| 181 $ctxt$2rdacontent 182 $cc$2rdamedia 183 $acr$2rdacarrier 200 10$aFoundational performance analyses of pressure gain combustion thermodynamic benefits for gas turbines$b[electronic resource] /$fDaniel E. Paxson, Thomas A. Kaemming 210 1$aCleveland, Ohio :$cNational Aeronautics and Space Administration, Glenn Research Center,$d[2012] 215 $a1 online resource (12 pages) $ccolor illustrations 225 1 $aNASA/TM ;$v2012-217443 300 $aTitle from title screen (viewed on Oct. 25, 2012). 300 $a"Prepared for the 50th Aerospace Science Conference sponsored by the American Institute of Aeronautics and Astronautics Nashville, Tennessee, January 9-12, 2012." 300 $a"May 2012." 300 $a"AIAA-2012-770." 320 $aIncludes bibliographical references (page 12). 606 $aGas turbines$2nasat 606 $aCombustion chambers$2nasat 606 $aFlow distribution$2nasat 606 $aPressure ratio$2nasat 606 $aThermodynamics$2nasat 606 $aExtraction$2nasat 606 $aDetonation$2nasat 606 $aCombustion$2nasat 615 7$aGas turbines. 615 7$aCombustion chambers. 615 7$aFlow distribution. 615 7$aPressure ratio. 615 7$aThermodynamics. 615 7$aExtraction. 615 7$aDetonation. 615 7$aCombustion. 700 $aPaxson$b Daniel E$01386438 701 $aKaemming$b Thomas A$01418636 712 02$aNASA Glenn Research Center. 712 12$aAIAA Aerospace Sciences Meeting$d(50th :$f2012 :$eNashville, Tenn.) 801 0$bGPO 801 1$bGPO 906 $aBOOK 912 $a9910702122103321 996 $aFoundational performance analyses of pressure gain combustion thermodynamic benefits for gas turbines$93530621 997 $aUNINA LEADER 02425nam 2200601 450 001 9910788749303321 005 20170822144514.0 010 $a1-4704-0431-1 035 $a(CKB)3360000000465014 035 $a(EBL)3114038 035 $a(SSID)ssj0000973575 035 $a(PQKBManifestationID)11553193 035 $a(PQKBTitleCode)TC0000973575 035 $a(PQKBWorkID)10984481 035 $a(PQKB)11785831 035 $a(MiAaPQ)EBC3114038 035 $a(RPAM)13910912 035 $a(PPN)195417186 035 $a(EXLCZ)993360000000465014 100 $a20050324h20052005 uy| 0 101 0 $aeng 135 $aur|n|---||||| 181 $ctxt 182 $cc 183 $acr 200 12$aA generating function approach to the enumeration of matrices in classical groups over finite fields /$fJason Fulman, Peter M. Neumann, Cheryl E. Praeger 210 1$aProvidence, Rhode Island :$cAmerican Mathematical Society,$d[2005] 210 4$dİ2005 215 $a1 online resource (104 p.) 225 1 $aMemoirs of the American Mathematical Society,$x0065-9266 ;$vnumber 830 300 $a"Volume 176, number 830 (second of 4 numbers)." 311 $a0-8218-3706-0 320 $aIncludes bibliographical references. 327 $a""Contents""; ""Chapter 1. Introduction, Tables, and Preliminaries""; ""1.1. Introduction""; ""1.2. Tables""; ""1.3. Preliminaries""; ""Chapter 2. Separable and cyclic matrices in classical groups""; ""2.1. The unitary groups""; ""2.2. The symplectic groups""; ""2.3. The orthogonal groups""; ""Chapter 3. Semisimple and regular matrices in classical groups""; ""3.1. Semisimple matrices""; ""3.2. Regular elements""; ""Bibliography"" 410 0$aMemoirs of the American Mathematical Society ;$vno. 830. 606 $aGenerating functions 606 $aCombinatorial analysis 606 $aLinear algebraic groups 615 0$aGenerating functions. 615 0$aCombinatorial analysis. 615 0$aLinear algebraic groups. 676 $a500 s 676 $a515/.55 700 $aFulman$b Jason$f1971-$01521048 702 $aNeumann$b P. M. 702 $aPraeger$b Cheryl E.$f1948- 801 0$bMiAaPQ 801 1$bMiAaPQ 801 2$bMiAaPQ 906 $aBOOK 912 $a9910788749303321 996 $aA generating function approach to the enumeration of matrices in classical groups over finite fields$93759918 997 $aUNINA